Statistics for Wise Man's Fear Prologue

Click here to take the quiz!

General Stats

  • This quiz has been taken 8 times
  • The average score is 190 of 364

Answer Stats

Answer% Correct
a
100%
an
100%
and
100%
And
100%
man
100%
no.
100%
no
100%
of
100%
who
100%
as
80%
for
80%
in
80%
In
80%
is
80%
like
80%
so
80%
The
80%
the
80%
there,
80%
there
80%
to
80%
was
80%
who
80%
you
80%
by
60%
die.
60%
feel
60%
had
60%
has
60%
have
60%
he
60%
If
60%
inn
60%
inn.
60%
It
60%
it
60%
long
60%
most
60%
not
60%
one
60%
one.
60%
part
60%
silence
60%
silence,
60%
that
60%
they
60%
They
60%
three,
60%
three
60%
waiting
60%
were
60%
would
60%
at
40%
behind
40%
but
40%
chest
40%
course
40%
dark,
40%
dark
40%
deep
40%
eyes
40%
first
40%
flame.
40%
great
40%
hair,
40%
hands
40%
hard
40%
his
40%
His
40%
his,
40%
his.
40%
just
40%
leaves.
40%
light.
40%
made
40%
obvious
40%
or
40%
pale
40%
parts.
40%
perfect
40%
quiet
40%
red
40%
stairs.
40%
stone
40%
these
40%
thing
40%
things
40%
third
40%
Waystone
40%
with
40%
With
40%
abandoned
20%
across
20%
added
20%
against
20%
air
20%
amalgom
20%
any
20%
appropriate,
20%
autumn
20%
autumn's
20%
avoided
20%
away
20%
backdoor
20%
barest
20%
basement
20%
bed.
20%
been
20%
begin
20%
beneath
20%
boards
20%
chased
20%
chill
20%
closed
20%
coming.
20%
coming
20%
counterpoint.
20%
crept
20%
cut-flower
20%
Dawn
20%
dawns
20%
distant,
20%
doing
20%
down
20%
dreams.
20%
Each
20%
ease
20%
eased
20%
easy
20%
echoing
20%
ending.
20%
enough
20%
experience,
20%
fact
20%
fallen
20%
fertive
20%
floor.
20%
foot
20%
fraying,
20%
glass
20%
greatest
20%
groan
20%
grumbled
20%
haired
20%
half-forgotten
20%
heavy
20%
himself.
20%
hint
20%
holding
20%
hope
20%
innkeeper's
20%
Inside
20%
inside
20%
itself.
20%
kitchen,
20%
lacking.
20%
larger
20%
lay
20%
listened
20%
loose
20%
might
20%
motionless,
20%
Moving
20%
music.
20%
music,
20%
muttered
20%
narrow
20%
none
20%
notice.
20%
only
20%
others
20%
patient,
20%
pattered
20%
plaster
20%
raindrops
20%
remained.
20%
resigned
20%
river
20%
road
20%
room.
20%
rooms
20%
rumbled
20%
selas
20%
sigh
20%
sleep.
20%
slow
20%
small,
20%
smooth
20%
smoothed
20%
sorts.
20%
sound
20%
step
20%
stirring
20%
storm
20%
streached
20%
tapped
20%
taproom,
20%
tep
20%
their
20%
This
20%
this
20%
through
20%
Thunder
20%
travelers
20%
true
20%
vast
20%
vines
20%
walls
20%
watching
20%
weight.
20%
wide
20%
window
20%

Score Distribution

Percentile by Number Answered

Percent of People with Each Score

Your Score History

You have not taken this quiz